LEADER 05821nam 22005895 450 001 996309137703316 005 20190708092533.0 010 $a3-486-70840-6 024 7 $a10.1515/9783486708400 035 $a(CKB)3710000000405871 035 $a(EBL)4008501 035 $a(SSID)ssj0001561699 035 $a(PQKBManifestationID)16204130 035 $a(PQKBTitleCode)TC0001561699 035 $a(PQKBWorkID)14832825 035 $a(PQKB)10845733 035 $a(MiAaPQ)EBC4008501 035 $a(DE-B1597)229248 035 $a(OCoLC)979769580 035 $a(DE-B1597)9783486708400 035 $a(EXLCZ)993710000000405871 100 $a20190708d2015 fg 101 0 $ager 135 $aur|n|---||||| 181 $ctxt 182 $cc 183 $acr 200 04$aDie CSU 1945-1948 $eProtokolle und Materialien zur Frühgeschichte der Christlich-Sozialen Union. Band 1: Protokolle 1945-1946, Band 2: Protokolle 1947-1948, Band 3: Materialien, Biographien, Register /$fAlf Mintzel, Barbara Fait 205 $aReprint 2015 210 1$aBerlin ;$aBoston : $cOldenbourg Wissenschaftsverlag, $d[2015] 210 4$d©1993 215 $a1 online resource (2099 p.) 225 0 $aTexte und Materialien zur Zeitgeschichte ;$v4 300 $aIncludes index. 311 $a3-486-55982-6 327 $tFrontmatter -- $tInhaltsverzeichnis -- $tVorbemerkung -- $tEinleitung -- $tVerzeichnis und Nachweis der Protokolle und Materialien -- $tAbkürzungsverzeichnis -- $tProtokolle -- $tNr. 1. Erste Besprechung des Ausschusses zur Vorbereitung der Gründung einer Christlich-Sozialen Union am 17. September 1945 in München -- $tNr. 2. Sitzung des Vorbereitenden Ausschusses der Christlich-Sozialen Union am 21. September 1945 in München -- $tNr. 3. Gründungsversammlung der Christlich-Sozialen Union München am 11. Oktober 1945 in München -- $tNr. 4. Besprechung über Organisations- und Pressefragen (Christlich-Soziale Union) am 25. Oktober 1945 in München -- $tNr. 5. Sitzung des Vorläufigen Landesausschusses der Christlich-Sozialen Union am 17. Dezember 1945 in München -- $tNr. 6. Sitzung des Erweiterten Vorläufigen Landesausschusses der Christlich- Sozialen Union am 8. Januar 1946 in München -- $tNr. 7. Sitzung des Vorläufigen Landesausschusses der Christlich-Sozialen Union am 23. Januar 1946 in München -- $tNr. 8. Sitzung des Vorläufigen Landesausschusses der Christlich-Sozialen Union am 8. Februar 1946 in München -- $tNr. 9. Sitzung des Vorläufigen Landesausschusses der Christlich-Sozialen Union am 25. Februar 1946 in München -- $tNr. 10. Sitzung des Vorläufigen Landesausschusses der Christlich-Sozialen Union am 14. März 1946 in München -- $tNr. 11. Sitzung des Vorläufigen Landesausschusses der Christlich-Sozialen Union am 29. März 1946 in München -- $tNr. 12. Tagung des Erweiterten Vorläufigen Landesausschusses der Christlich- Sozialen Union am 30. und 31. März 1946 in Bamberg -- $tNr. 13. Sitzung des Landesarbeitsausschusses der Christlich-Sozialen Union am 16. April 1946 in München -- $tNr. 14. Sitzung des Landesarbeitsausschusses der Christlich-Sozialen Union am 24. April 1946 in München -- $tNr. 15. Sitzung des Landesarbeitsausschusses der Christlich-Sozialen Union am 1. Mai 1946 in München -- $tNr. 16. Sitzung des Landesausschusses der Christlich-Sozialen Union am 9. Mai 1946 in München -- $tNr. 17. Sitzung des Landesarbeitsausschusses der Christlich-Sozialen Union am 16. Mai 1946 in München -- $tNr. 18. Tagung der ersten ordentlichen Landesversammlung der Christlich- Sozialen Union in Bayern am 17. Mai 1946 in München -- $tNr. 19. Sitzung des Landesarbeitsausschusses der Christlich-Sozialen Union am 13. Juni 1946 in München -- $tNr. 20. Sitzung des Landesarbeitsausschusses der Christlich-Sozialen Union am 5. Juli 1946 in München -- $tNr. 21. Sitzung des Erweiterten Landesausschusses der Christlich-Sozialen Union am 6. Juli 1946 in München -- $tNr. 22. Sitzung des Landesausschusses der Christlich-Sozialen Union am 6. September 1946 in München -- $tNr. 23. Sitzung des Landesausschusses der Christlich-Sozialen Union am 4. Oktober 1946 in München -- $tNr. 24 Sitzung des Landesausschusses der Christlich-Sozialen Union am 31. Oktober 1946 in München -- $tNr. 25. Sitzung des Landesausschusses der Christlich-Sozialen Union am 6. Dezember 1946 in München -- $tNr. 26. Landesversammlung der Christlich-Sozialen Union am 14. und 15. Dezember 1946 in Eichstätt -- $tNr. 27. Sitzung des Landesausschusses der Christlich-Sozialen Union am 3. Januar 1947 in Augsburg -- $tNr. 28. Außerordentliche Landesversammlung der Christlich-Sozialen Union am 30. und 31. August 1947 in Eichstätt -- $tNr. 29. Sitzung des Landesausschusses der Christlich-Sozialen Union am 3. und 4. Januar 1948 in Erlangen -- $tNr. 30. Sitzung des Landesausschusses der Christlich-Sozialen Union am 24. Januar 1948 in Marktredwitz -- $tNr. 31. Landesversammlung der Christlich-Sozialen Union am 24. und 25. Januar 1948 in Marktredwitz -- $tNr. 32. Sitzung des Landesausschusses der Christlich-Sozialen Union am 28. und 29. Februar 1948 in Regensburg -- $tAnhang -- $tMaterialien -- $tKurzbiographien der erwähnten Personen -- $tRegister 410 0$aTexte und Materialien zur Zeitgeschichte ;$vBand 4. 606 $aChristlich-Soziale Union in Bayern 606 $aHISTORY / General$2bisacsh 615 4$aChristlich-Soziale Union in Bayern. 615 7$aHISTORY / General. 676 $a324.2433082 701 $aSchlemmer$b Thomas$0319561 702 $aFait$b Barbara, 702 $aMintzel$b Alf, 712 02$aInstitut fu?r Zeitgeschichte (Munich, Germany). 801 0$bDE-B1597 801 1$bDE-B1597 906 $aBOOK 912 $a996309137703316 996 $aDie CSU 1945-1948$92203865 997 $aUNISA LEADER 01931nam 2200589 a 450 001 9910792146303321 005 20221219170845.0 010 $a90-272-7192-5 035 $a(CKB)2560000000105267 035 $a(SSID)ssj0000887023 035 $a(PQKBManifestationID)11539650 035 $a(PQKBTitleCode)TC0000887023 035 $a(PQKBWorkID)10854445 035 $a(PQKB)10191852 035 $a(MiAaPQ)EBC1209569 035 $a(DLC) 2013011368 035 $a(Au-PeEL)EBL1209569 035 $a(CaPaEBR)ebr10718648 035 $a(CaONFJC)MIL495284 035 $a(OCoLC)830837639 035 $a(EXLCZ)992560000000105267 100 $a20130320d2013 uy 0 101 0 $aeng 135 $aurcn||||||||| 181 $ctxt 182 $cc 183 $acr 200 00$aBiomedical English$b[electronic resource] $ea corpus-based approach /$fedited by Isabel Verdaguer, Natalia Judith Laso, Danica Salazar 210 $aAmsterdam ;$aPhiladelphia $cJohn Benjamins Pub. Co.$d2013 215 $axiii, 214 p. $cill 225 1 $aStudies in corpus linguistics (SIN),$x1388-0373 ;$vv. 56 300 $aBibliographic Level Mode of Issuance: Monograph 311 $a90-272-0362-8 320 $aIncludes bibliographical references and index. 410 0$aStudies in corpus linguistics ;$vv. 56. 606 $aEnglish language$vTextbooks for foreign speakers 606 $aEnglish language$xTechnical English 606 $aMedical sciences$vTerminology 615 0$aEnglish language 615 0$aEnglish language$xTechnical English. 615 0$aMedical sciences 676 $a420.1/47 701 $aVerdaguer$b Isabel$0221115 701 $aLaso$b Natalia Judith$01580166 701 $aSalazar$b Danica$0619769 801 0$bMiAaPQ 801 1$bMiAaPQ 801 2$bMiAaPQ 906 $aBOOK 912 $a9910792146303321 996 $aBiomedical English$93860881 997 $aUNINA